| 000 | 00413nam a22001697a 4500 | ||
|---|---|---|---|
| 003 | CEME | ||
| 005 | 20210628205258.0 | ||
| 008 | 210225b xxu||||| |||| 00| 0 eng d | ||
| 020 | _a969-0-10062-9 | ||
| 040 | _c. | ||
| 082 | _a954.91 SHA'E | ||
| 100 |
_aShahid, Hamid S Major _974735 |
||
| 245 | _aEarly years of pakistan | ||
| 260 |
_aRAWALPINDI _bFEROZE SONS _c1993 |
||
| 300 | _aXIV,305P | ||
| 942 |
_cBK _2ddc |
||
| 999 |
_c580234 _d580234 |
||